| 000 | 01265nam0a22002771 4500 | ||
|---|---|---|---|
| 001 | rc\2238524 | ||
| 005 | 20160609123014.0 | ||
| 035 | _a(NLR Aleph) 006648974 | ||
| 090 |
_a4773795 _c4773795 |
||
| 100 | _a20110829d1979 |||y0rusy50 ca | ||
| 101 | 0 | _arus | |
| 102 | _aRU | ||
| 105 | _ay b ||||| | ||
| 200 | 1 |
_aЭкономия черных металлов при производстве сортового и полосового проката _eМетод. рекомендации в помощь лекторам _fЧеляб. обл. орг. о-ва "Знание". Науч.-метод. совет по пропаганде науч.-техн. знаний, [Урал. дом. науч.-техн. пропаганды _gПодгот. Григорьев В.К.] |
|
| 210 |
_aЧелябинск _cБ. и. _d1979 |
||
| 215 |
_a[1], 18 с. _d21 |
||
| 320 | _aБиблиогр.: с. 17-18 | ||
| 702 | 1 |
_aГригорьев _bВ. К. _4570 |
|
| 712 | 0 | 2 |
_aУральский дом научно-технической пропаганды _cЧелябинск _3RU\NLR\AUTH\889939585 _4570 |
| 801 | 0 |
_aRU _bNLR _gpsbo |
|
| 801 | 1 |
_aRU _bELAR _2rusmarc |
|
| 852 |
_aNLR _j79-4/18697 |
||
| 899 |
_aRuMoRGB _jM 79-5/2423 |
||
| 942 | _cBOOK | ||
| 980 | _aNB | ||